1462 1458 1187 1791 1049 1653 1816 1688 1955 1076 1646 1387 1390 1666 1657 1510 1398 1820 1786 1714 1626 1195 1906 1970 1297 1137 1473 1209 1124 1488 1010 1900 1966 1994 1329 1587 1075 1397 1665 1841 1412 1906 1504 1749 1991 1409 1234 1409 1027 1953 1110 1311 1321 1166 1075 1948 1986 1373 1967 1118 1359 1958 1836 1794 1770 1219 1285 1066 1239 1592 1240 1803 1391 1716 1297 1315 1361 1249 1640 1059 1790 1290 1810 1682 1589 1364 1814 1055 1342 1563 1606 1295 1152 1163 1588 1202 1502 1453 1850 BCNSPRNW ULIB Ver.6.0+V

เปลี่ยนเป็นภาษาไทย

Change to English
 แสดงรายละเอียดบรรณานุกรม
  กลับหน้าหลัก

Brief Record : Get Marc (ISO 2709) : E-mail record : QR code < ปิดหน้าต่าง
LEADER : 00000nam 2200000uu 4500
001    13399127286
003     ULIB
008    200325s2559||||th 000 0 tha d
020    ^a9786161129507
060 04 ^aWW260^bก491^cล.2
100 0  ^aพิพัฒน์ คงทรัพย์
245 00 ^aการผ่าตัดต้อกระจกแผลเล็ก.^n2 =^bManual small incision cataract surgery (MSICS) : technique and tips for challenging cataract /^cบรรณาธิการ, พิพัฒน์ คงทรัพย์
250    ^aพิมพ์ครั้งที่ 1
260    ^aสมุทรสาคร :^bพิมพ์ดี,^c2559
300    ^axi, 268 หน้า :^bภาพประกอบสี ;^c27 ซม.
500    ^aผู้่ใหญ่
505 0  ^aตอนที่ 1. ขั้นตอนและวิธีการผ่าตัด -- การลงแผลผ่าตัด --การฉีกถุงหุ้มเลนส์ด้านหน้า -- การงัดเลนส์ขึ้นมาในช่องด้านหน้าตา --เทคนิคการผ่าตัดต้อกระจกแผลเล็ก -- การฝังเลนส์แก้วตาเทียม -- ตอนที่ 2.การผ่าตัดต้อในรายที่ซับซ้อน -- การผ่าตัดในต้อชนิดขาวขุ่น --การผ่าตัดในต้อชนิดแข็งมาก -- การผ่าตัดในผู้ป่วยรูม่านตาแคบ --การผ่าตัดต้อในเด็ก -- การผ่าตัดในผู้ป่วยต้อหิน --การฝังเลนส์แก้วตาเทียมโดยยึดเลนส์กับสเคลอร่า --การรักษากรณีเลนส์ตกในช่องนํ้าวุ้นตา -- การผ่าตัดในต้อชนิด Posteriorpolar -- เทคนิคการผ่าตัดต้อกระจกโดย : A-Technique --การผสมผสานการผ่าตัดต้อแบบแผลเล็กและการสลายต้อกระจก -- ตอนที่ 3.ส่วนสนับสนุนการผ่าตัด -- การระงับความรู้สึกด้วยการฉีดยาใต้เยื่อบุตาขาว --การตรวจด้วยอัลตราซาวด์ในผู้ป่วยต้อกระจกชนิดขาวขุ่น --เลนส์แก้วตาเทียมหลายโฟกัส --การหาค่าเลนส์แก้วตาเทียมด้วยเครื่องมือไบโอ --การดัดแปลงวัสดุการแพทย์สำหรับการผ่าตัดต้อกระจกแผลเล็ก --ความปลอดภัยของผู้ป่วยทางจักษุวิทยา --การคำนวณค่าเลนส์สำหรับผู้ที่ได้รับการผ่าตัดแก้ไขสายตาผิดปกติ
650  4 ^aต้อกระจก^xการรักษา
650  4 ^aต้อกระจก, ศัลยกรรม
650  4 ^aตา, โรค^xการรักษา
650  4 ^aเลนส์^xการวัด
650  4 ^aเลนส์^xศัลยกรรม
710 2  ^aโรงพยาบาลพระปกเกล้า.^bศูนย์แพทยศาสตร์ศึกษาชั้นคลินิก
945    ^p790^l0^i28047
945    ^p790^l0^i28060
945    ^p790^l0^i28061
945    ^p790^l0^i28062
945    ^p790^l0^i28063
999    ^aกัณชพร จุลอักษร
รายการนี้ยังไม่มีแท็ก
คุณยังไม่ได้ล็อกอิน คุณสามารถมีกิจกรรมร่วมกับเว็บไซต์ได้ แต่ต้องล็อกอินก่อน ::
  ล็อกอิน

รายการสื่อสารสนเทศ

ลำดับที่ ประเภท เลขเรียก/บาร์โค้ด สถานที่ สถานะ
1. หนังสือสำรอง
หนังสือสำรอง
WW260 ก491 ล.2 ฉ.1 
  Barcode: 28047
ห้องสมุดวิทยาเขตนครสวรรค์
►หนังสือทั่วไป:l:General Books
บนชั้น
2. วิทยาศาสตร์การแพทย์ และสุขภาพ
วิทยาศาสตร์การแพทย์ และสุขภาพ
WW260 ก491 ล.2 ฉ.2 
  Barcode: 28060
ห้องสมุดวิทยาเขตนครสวรรค์
►หนังสือทั่วไป:l:General Books
บนชั้น
3. วิทยาศาสตร์การแพทย์ และสุขภาพ
วิทยาศาสตร์การแพทย์ และสุขภาพ
WW260 ก491 ล.2 ฉ.3 
  Barcode: 28061
ห้องสมุดวิทยาเขตนครสวรรค์
►หนังสือทั่วไป:l:General Books
บนชั้น
4. วิทยาศาสตร์การแพทย์ และสุขภาพ
วิทยาศาสตร์การแพทย์ และสุขภาพ
WW260 ก491 ล.2 ฉ.4 
  Barcode: 28062
ห้องสมุดวิทยาเขตนครสวรรค์
►หนังสือทั่วไป:l:General Books
บนชั้น
5. วิทยาศาสตร์การแพทย์ และสุขภาพ
วิทยาศาสตร์การแพทย์ และสุขภาพ
WW260 ก491 ล.2 ฉ.5 
  Barcode: 28063
ห้องสมุดวิทยาเขตนครสวรรค์
►หนังสือทั่วไป:l:General Books
บนชั้น

รายการใกล้เคียง
    ผู้แต่ง [พิพัฒน์ คงทรัพย์]

    หัวเรื่อง [ต้อกระจก, ศัลยกรรม]

BibComment


ยังไม่เคยถูกคอมเมนท์

คอมเมนท์ทรัพยากรรายการนี้
  คอมเมนท์: การผ่าตัดต้อกระจ..


 Copyright 2026. Bcnsprnw @Library